00497nam a2200193 a 4500001001300000003000900013005001700022008004100039020001300080082001700093100002000110245003200130260004300162300000900205500003500214505001000249650002400259700002000283nice12345678IN_TiNIC20260116011853.0050524s1923 mica grp 000 0 eng  ac134.5500a230.046bMAC aMachen, Gresham aChristianity and Liberalism aMichiganbWm.B. Eerdmans Pub Co,c1923 a188p aincludes index and biblioraphy2 aIndex aLiberation-Theology1 aMachen, Gresham